[Event "CRO-ch U19"]
[Site "Split"]
[Date "2021.07.26"]
[Round "2"]
[White "Cvetkovic, Bozo"]
[Black "Galoic, David"]
[Result "0-1"]
[WhiteElo "1387"]
[BlackElo "1780"]
[PlyCount "64"]
[EventDate "2021.07.25"]
[EventType "swiss"]
[EventRounds "9"]
[EventCountry "CRO"]
[SourceTitle "EXT 2022"]
[Source "ChessBase"]
[SourceDate "2021.10.06"]
[SourceVersion "1"]
[SourceVersionDate "2021.10.06"]
[SourceQuality "1"]

1. e4 c5 2. Nf3 d6 3. d4 cxd4 4. Nxd4 Nf6 5. Nc3 a6 6. h3 e5 7. Nb3 Be6 8. Be3 Be7 9. Bd3 Nbd7 10. 0-0 0-0 11. f4 Qc7 12. f5 Bc4 13. Qf3 b5 14. Nd2 Nb6 15. Rac1 Rfd8 16. b3 Bxd3 17. cxd3 Qb7 18. Qf2 Nbd7 19. d4 b4 20. Ne2 Nxe4 21. Qf3 d5 22. Nxe4 dxe4 23. Qg3 Bf6 24. h4 exd4 25. Nxd4 Be5 26. Qf2 Rac8 27. Rxc8 Rxc8 28. Rc1 Rxc1+ 29. Bxc1 Nc5 30. Be3 Qd7 31. Qd2 Nd3 32. g4 Bxd4 0-1

[Event "CRO-ch U15"]
[Site "Trogir"]
[Date "2018.06.18"]
[Round "5"]
[White "Dabic, Stjepan"]
[Black "Galoic, David"]
[Result "1-0"]
[WhiteElo "2068"]
[BlackElo "1482"]
[PlyCount "93"]
[EventDate "2018.06.16"]
[EventType "swiss"]
[EventRounds "9"]
[EventCountry "CRO"]
[SourceTitle "EXT 2019"]
[Source "ChessBase"]
[SourceDate "2018.10.10"]
[SourceVersion "1"]
[SourceVersionDate "2018.10.10"]
[SourceQuality "1"]

1. d4 Nf6 2. c4 c5 3. d5 b5 4. cxb5 a6 5. bxa6 d6 6. Nc3 g6 7. Nf3 Bg7 8. e4 0-0 9. Be2 Bxa6 10. 0-0 Nbd7 11. h3 Qa5 12. Bxa6 Rxa6 13. Nd2 Rfa8 14. Nc4 Qb4 15. Qe2 Nb6 16. Nxb6 Rxb6 17. Bd2 Nd7 18. Rab1 Ne5 19. Rfc1 Qd4 20. b3 Qd3 21. Kf1 Rab8 22. f4 Bh6 23. fxe5 Qxd2 24. Qxd2 Bxd2 25. Rc2 Bxc3 26. Rxc3 Rb4 27. Re1 Kf8 28. Kf2 f6 29. e6 R8b7 30. g4 g5 31. Ree3 Ra7 32. Rc2 Ra3 33. Ke2 Ke8 34. Kd2 Kf8 35. Kc3 Ra7 36. a4 Rab7 37. Rb2 c4 38. Kc2 cxb3+ 39. Rbxb3 Rxb3 40. Rxb3 Ra7 41. Rb4 Ra8 42. Kb3 Ke8 43. Rb7 Kd8 44. Kb4 h6 45. a5 Ke8 46. a6 Kd8 47. a7 1-0

[Event "CRO-ch U15"]
[Site "Trogir"]
[Date "2017.06.17"]
[Round "1"]
[White "Levacic, Matej"]
[Black "Galoic, David"]
[Result "1-0"]
[WhiteElo "1786"]
[BlackElo "1457"]
[PlyCount "49"]
[EventDate "2017.06.17"]
[EventType "swiss"]
[EventRounds "9"]
[EventCountry "CRO"]
[SourceTitle "CBM 179 Extra"]
[Source "ChessBase"]
[SourceDate "2017.08.23"]
[SourceVersion "1"]
[SourceVersionDate "2017.08.23"]
[SourceQuality "1"]

1. d4 Nf6 2. Bf4 g6 3. Nc3 c5 4. d5 d6 5. e4 Bg7 6. Qd2 Qa5 7. Be2 0-0 8. Nf3 Bg4 9. 0-0 Re8 10. h3 Bxf3 11. Bxf3 b5 12. e5 Nfd7 13. exd6 exd6 14. Bxd6 b4 15. Nd1 Na6 16. Ne3 Ne5 17. Bxe5 Bxe5 18. Nc4 Qd8 19. Rfe1 Bg7 20. d6 Rb8 21. d7 Rxe1+ 22. Rxe1 Nc7 23. Na5 Bf6 24. Nc6 Qf8 25. Qf4 1-0

[Event "CRO-ch U13"]
[Site "Trogir"]
[Date "2016.06.24"]
[Round "7"]
[White "Galoic, David"]
[Black "Kakuk, Tibor"]
[Result "0-1"]
[WhiteElo "1462"]
[BlackElo "1650"]
[PlyCount "62"]
[EventDate "2016.06.21"]
[EventType "swiss"]
[EventRounds "9"]
[EventCountry "CRO"]
[SourceTitle "EXT 2017"]
[Source "ChessBase"]
[SourceDate "2016.10.25"]
[SourceVersion "1"]
[SourceVersionDate "2016.10.25"]
[SourceQuality "1"]

1. e4 e5 2. Nf3 Nc6 3. d4 exd4 4. Nxd4 Nf6 5. Nc3 Bb4 6. f3 0-0 7. Be2 d5 8. exd5 Nxd5 9. Nxc6 bxc6 10. Bd2 Bc5 11. Nxd5 cxd5 12. Bf4 Re8 13. Kf1 c6 14. Bg3 Qb6 15. b3 Ba6 16. Bxa6 Qxa6+ 17. Qd3 Qb6 18. Re1 Qa5 19. a4 Bb4 20. Re2 Bc3 21. Bf2 Bf6 22. g3 Qc7 23. Kg2 h6 24. Rhe1 Red8 25. Bd4 Qd6 26. Bxf6 Qxf6 27. Re7 g6 28. Rc7 a5 29. Ree7 Rf8 30. Ra7 Qd6 31. Qxg6+ Qxg6 0-1

[Event "CRO-ch U13"]
[Site "Trogir"]
[Date "2016.06.22"]
[Round "3"]
[White "Galoic, David"]
[Black "Dabic, Stjepan"]
[Result "0-1"]
[WhiteElo "1462"]
[BlackElo "1665"]
[PlyCount "36"]
[EventDate "2016.06.21"]
[EventType "swiss"]
[EventRounds "9"]
[EventCountry "CRO"]
[SourceTitle "EXT 2017"]
[Source "ChessBase"]
[SourceDate "2016.10.25"]
[SourceVersion "1"]
[SourceVersionDate "2016.10.25"]
[SourceQuality "1"]

1. e4 c5 2. Nf3 d6 3. d4 cxd4 4. Nxd4 Nf6 5. Nc3 g6 6. Bc4 Bg7 7. 0-0 0-0 8. f4 Nc6 9. Be3 Ng4 10. Nxc6 bxc6 11. Bd4 e5 12. fxe5 Qh4 13. h3 Nxe5 14. Bb3 Bxh3 15. gxh3 Qg3+ 16. Kh1 Qxh3+ 17. Kg1 Qg3+ 18. Kh1 Ng4 0-1